000 00549nam a22001937a 4500
003 OSt
005 20210426123544.0
008 210203s1972 ||||| |||| 00| 0 eng d
040 _aeng
_beng
_cDLC
041 _aeng
080 _a58
_bC-90
100 _9760
_aCrockett, Underwood. James
245 _aFoliage House Plants
_b: The Time-Life Encyclopedia of Gardening
_c/ by: Time-Life Books
260 _aNew York
_bTime-Life Books
_c1972
300 _a160 p.
_bill.
650 0 _9727
_aBotanics
653 _aბოტანიკა
942 _2udc
_cBK
999 _c1126
_d1126